00511nam a22001097a 4500040000900000082002700009100004100036245018600077260002600263300002500289856008700314 cRUA  aAGR SUK 2017 B636 Or.1 aSUK PHEARY ស៊ុក ភារី aefffect of different rates of imo 5 fertilizer on bok choy (Brassica chinensis) ឥទ្ធពលនៃជី IMO​៥ ខុសគ្នាលើដំណាំស្ពៃតឿ aRUAbphnom penhc2017 aviii;32pbill;c29cm uhttps://drive.google.com/file/d/1P4V5ZFWFa26QefcQK7l0SVWYusVPCwkk/view?usp=sharing